[Event "Huesca Province-ch"]
[Site "Sabinanigo"]
[Date "2016.10.29"]
[Round "3"]
[White "Garreta Nieto, Maria"]
[Black "Mauri Murillo, Senen"]
[Result "1-0"]
[WhiteElo "1681"]
[BlackElo "1499"]
[PlyCount "95"]
[EventDate "2016.10.15"]
[EventType "swiss"]
[EventRounds "7"]
[EventCountry "ESP"]
[SourceTitle "EXT 2018"]
[Source "ChessBase"]
[SourceDate "2017.10.13"]
[SourceVersion "1"]
[SourceVersionDate "2017.10.13"]
[SourceQuality "1"]

1. d4 Nf6 2. Nf3 g6 3. c4 Bg7 4. Nc3 d5 5. cxd5 Nxd5 6. e4 Nxc3 7. bxc3 0-0 8. Bc4 c5 9. 0-0 Bg4 10. Bb2 Qb6 11. Qb3 Qxb3 12. axb3 Bxf3 13. gxf3 cxd4 14. cxd4 e6 15. Rfd1 Nc6 16. Bb5 a6 17. Bxc6 bxc6 18. Ba3 Rfd8 19. Bc5 e5 20. d5 cxd5 21. Rxd5 Rxd5 22. exd5 e4 23. Rd1 exf3 24. d6 Bf6 25. d7 Bd8 26. Re1 Rb8 27. Re8+ Kg7 28. Bb6 Rxb6 29. Rxd8 Rb7 30. Rg8+ Kxg8 31. d8Q+ Kg7 32. Qd3 a5 33. Qxf3 Rb4 34. Kg2 f5 35. Qc3+ Kh6 36. h3 Kg5 37. Qe3+ Kf6 38. Kf3 h5 39. Qc3+ Kg5 40. Kg3 h4+ 41. Kf3 Rf4+ 42. Ke3 Re4+ 43. Kf3 Rf4+ 44. Kg2 Rb4 45. Qd3 Kh5 46. Qd8 a4 47. bxa4 Rxa4 48. Qd1+ 1-0